"New" Places - Statistics

General Stats
  • This quiz has been taken 44 times
  • The average score is 14 of 20
Answer Stats
Hint Answer % Correct
U.S state named for the largest of the Channel Islands New Jersey
97%
Largest city in the United States New York City
97%
____________ and Labrador Newfoundland
94%
U.S State whose capital is Santa Fe New Mexico
94%
Aotearoa New Zealand
94%
Capital of India New Delhi
91%
South Eastern Australian state whose capital is Sydney New South Wales
91%
Canadian province that mean New Scotland in Latin Nova Scotia
89%
U.S State home to Mt Washington New Hampshire
86%
American city with major Cajan influence New Orleans
86%
Second largest island in the world New Guinea
83%
French territory in Oceania New Caledonia
77%
Region of the north eastern United States known for its autumn leaves New England
77%
Country with over 700 indigenous languages Papua New Guinea
74%
Canadian province whose largest city is Saint John New Brunswick
71%
Name for the Americas in the 1500s The New World
69%
Largest island in the Bismarck Archipelago of Papua New Guinea New Britain
34%
Island with 70% of the population of the Bahamas New Providence
20%
Group of Islands in the Solomon islands New Georgia Islands
9%
Also known as Neuschwanstein Castle New Swanstone Castle
6%
No matching quizzes found
Score Distribution
Percent of People with Each Score
Percentile by Number Answered
Your Score History
You have not taken this quiz